| 000 | 00523nam a2200181 a 4500 | ||
|---|---|---|---|
| 001 | 000040032 | ||
| 005 | 20240306073901.0 | ||
| 008 | 130802s1976 cu 000 0 spa d | ||
| 040 |
_aDO-SdBNP _bspa _cBNPHU |
||
| 082 | _axxx | ||
| 100 | 1 |
_aMármol, José, _d1960- _96454 |
|
| 245 | 1 | 0 |
_aAmalia / _cJosé Mármol. |
| 260 |
_aCuba : _bCasa de las Americas, _c1976. |
||
| 300 |
_axlvi, 529 p. ; _c20 cm. |
||
| 490 | 1 | _aLiteratura latinoamericana | |
| 590 | _aInventariado, 2019/VM | ||
| 830 | 0 |
_aLiteratura latinoamericana _9500 |
|
| 999 |
_c39522 _d39522 |
||